000
00325nam a22001337a 4500
020
_a
9780062641540
082
_a
158.1
_b
MAN
100
_a
Manson,Mark
245
_a
The subtle art of not giving a fuck
260
_a
Newyork:
_b
Harper One Publishers,
_c
2016.
300
_a
212p. :
563
_a
PB
942
_2
ddc
_c
BK
999
_c
614586
_d
614586